[Event "2016 Standard Chess Dropout Tournament, Round 1"]
[Site "SchemingMind.com"]
[Date "2015.11.12"]
[Round "1"]
[White "2curious"]
[Black "Glenn O'Brien"]
[Result "1-0"]
[WhiteCountry "USA"]
[BlackCountry "AUS"]
[WhiteElo "2103"]
[WhiteRD "105"]
[BlackElo "1980"]
[BlackRD "68"]
[GameID "390011"]

1. e4 e5 2. f4 exf4 3. Nf3 g5 4. h4 g4 5. Ne5 Nf6 6. Bc4 d5 7. exd5 Bd6 8. d4 Nh5 9. Nc3 Qe7 10. O-O Bxe5
11. Nb5 O-O 12. dxe5 Qxh4 13. Rxf4 Nxf4 14. Bxf4 Na6 15. g3 Qh5 16. e6 fxe6 17. dxe6 Qc5+ 18. Nd4 Kh8 19. Qd2 Nb4 20. Re1 Nc6
21. b4 Qxc4 22. Nxc6 h6 23. e7 Re8 24. Be5+ Kh7 25. Rf1 Bf5 26. Rxf5 Qe6 27. Qf4 Qg6 28. Rf6 Qg5 29. Qe4+ Kg8 30. Rf5 Qc1+
31. Rf1 Qxf1+ 32. Kxf1 Rxe7 33. Qg6+ Kf8 34. Nxe7 Kxe7 35. Qf6+ Kd7 36. Qf7+ Kc6 37. Qxc7+ Kd5 38. Qc5+ Ke6 39. c4 Rd8 40. Bf4 Rd1+
41. Ke2
1-0

[Event "2016 Standard Chess Dropout Tournament, Round 1"]
[Site "SchemingMind.com"]
[Date "2015.11.10"]
[Round "1"]
[White "Aba"]
[Black "klapa"]
[Result "1-0"]
[WhiteCountry "ISR"]
[BlackCountry "POL"]
[WhiteElo "1747"]
[WhiteRD "70"]
[BlackElo "1418"]
[BlackRD "69"]
[GameID "390012"]

1. e4 e5 2. Nf3 Nc6 3. Bb5 Nd4 4. Nxd4 exd4 5. O-O Ne7 6. d3 c6 7. Ba4 d5 8. Re1 Bd7 9. Bg5 Qa5 10. Bb3 Ng6
11. exd5+ Be7 12. Bxe7 Nxe7 13. d6 O-O 14. dxe7 Rfe8 15. c3 Qg5 16. Qf3 Rxe7 17. Rxe7 Qxe7 18. Nd2 Rf8 19. cxd4 Qb4 20. Nc4 Re8
21. Ne5 Qxd4 22. Bxf7+ Kh8 23. Bxe8 Bxe8 24. Qf8#
1-0

[Event "2016 Standard Chess Dropout Tournament, Round 1"]
[Site "SchemingMind.com"]
[Date "2015.11.11"]
[Round "1"]
[White "Abstract Actuary"]
[Black "Brian_Jones"]
[Result "0-1"]
[WhiteCountry "USA"]
[BlackCountry "AUS"]
[WhiteElo "1854"]
[WhiteRD "70"]
[BlackElo "2406"]
[BlackRD "121"]
[GameID "390014"]

1. e4 c5 2. d4 cxd4 3. c3 dxc3 4. Nxc3 Nc6 5. Nf3 e6 6. Bc4 a6 7. O-O Nge7 8. Bf4 Ng6 9. Bg3 Be7 10. Qe2 b5
11. Bb3 O-O 12. Rfd1 Bb7 13. a3 d6 14. Rac1 h6 15. Bc2 Qb8 16. Qd3 Nge5 17. Nxe5 dxe5 18. Bb3 Bg5 19. Rb1 Rd8 20. Qf1 Qc7
21. h4 Bf4 22. Ne2 Na5 23. Ba2 Bxe4 24. Ra1 Bd2 25. f3 Bc2 26. Rxd2 Rxd2 27. Rc1 Rad8 28. Nc3 Bb3 29. Bb1 Nc4 30. Ne4 Rd1
0-1

[Event "2016 Standard Chess Dropout Tournament, Round 1"]
[Site "SchemingMind.com"]
[Date "2015.11.15"]
[Round "1"]
[White "Alessandro Dotti Contra"]
[Black "gabeeg"]
[Result "0-1"]
[WhiteCountry "ITA"]
[BlackCountry "USA"]
[WhiteElo "1916"]
[WhiteRD "105"]
[BlackElo "2253"]
[BlackRD "102"]
[GameID "390015"]

1. e4 d6 2. d4 Nf6 3. Nc3 g6 4. Nf3 Bg7 5. Be2 O-O 6. O-O a6 7. Bg5 b5 8. Re1 Bb7 9. e5 Nfd7 10. exd6 cxd6
11. a3 Nf6 12. Qd2 Nbd7 13. Rad1 Rc8 14. Bxf6 Nxf6 15. Ng5 h6 16. Nf3 Qd7 17. Bd3 Rfe8 18. Ne4 Nd5 19. c3 f5 20. Ng3 e6
21. Nh4 Qf7 22. f4 Bf6 23. Nf3 Re7 24. Rc1 Nb6 25. Qe3 Nc4 26. Qe2 Bxf3 27. gxf3 e5 28. fxe5 dxe5 29. Bxc4 bxc4 30. dxe5 Bxe5
31. Qd2 h5 32. Kg2 Rce8 33. h4 Qf6 34. Qd5+ Kh8 35. Qxc4 g5 36. Rxe5 Rxe5 37. hxg5 Qxg5 38. Rh1 Rg8 39. Rxh5+ Qxh5 40. Qxg8+ Kxg8
41. Nxh5 Re2+ 42. Kg3 Rxb2 43. Kf4 Kf7 44. Kxf5 Rb3 45. c4 Rxf3+ 46. Ke5 Rxa3 47. c5 Ke7 48. Nf4 Kd7 49. Kd5 a5 50. Ne6 a4
51. c6+ Kc8 52. Nc5 Ra1 53. Ne4 Rc1 54. Nd6+ Kc7 55. Nb5+ Kb6 56. Na3 Rxc6 57. Nc4+ Kb5 58. Na3+ Kb4 59. Kxc6 Kxa3
0-1

[Event "2016 Standard Chess Dropout Tournament, Round 1"]
[Site "SchemingMind.com"]
[Date "2015.11.11"]
[Round "1"]
[White "ampp"]
[Black "Clive Everill"]
[Result "0-1"]
[WhiteCountry "POR"]
[BlackCountry "CZE"]
[WhiteElo "1450"]
[WhiteRD "93"]
[BlackElo "1692"]
[BlackRD "58"]
[GameID "390016"]

1. d4 d5 2. c4 dxc4 3. Qa4+ Nd7 4. Qxc4 Ngf6 5. Nf3 e6 6. Bg5 a6 7. Nc3 b5 8. Bxf6 Nxf6 9. Qd3 Bb4 10. a3 Be7
11. e4 Bb7 12. Be2 b4 13. axb4 Bxb4 14. O-O Bxc3 15. bxc3 Bxe4 16. Qc4 Bd5 17. Qa4+ Nd7 18. Ne5 f6 19. Nc6 Bxc6 20. Qxc6 Kf7
21. Bxa6 Nb6 22. Rfe1 Re8 23. Bb5 Rxa1 24. Rxa1 Re7 25. Re1 Qd5 26. c4 Qxc6 27. Bxc6 Nxc4 28. Bb5 Na3 29. Bd3 c6 30. Ra1 Nb5
31. d5 exd5 32. Bxb5 cxb5 33. Rb1 Rb7 34. f3 Ke6 35. g3 b4 36. Kf2 Kd6 37. Ke3 Kc5 38. Rc1+ Kb5 39. Kd4 Rd7 40. Rb1 Ka4
41. Kd3 d4 42. Kc4 Rc7+ 43. Kxd4 Ka3 44. Kd5 b3
0-1

[Event "2016 Standard Chess Dropout Tournament, Round 1"]
[Site "SchemingMind.com"]
[Date "2015.11.12"]
[Round "1"]
[White "Apocalypse"]
[Black "Adrian Grajczak"]
[Result "1-0"]
[WhiteCountry "USA"]
[BlackCountry "POL"]
[WhiteElo "2400"]
[WhiteRD "102"]
[BlackElo "2064"]
[BlackRD "98"]
[GameID "390018"]

1. d4 d6 2. Nf3 Nd7 3. Bf4 Ngf6 4. e3 c6 5. h3 Qc7 6. a4 e5 7. Bh2 b6 8. a5 Bb7 9. a6 Bc8 10. c4 Be7
11. Nc3 O-O 12. Be2 Re8 13. Qc2 Bf8 14. O-O g6 15. b4 Bg7 16. Rfd1 h6 17. Qb3 Nh7 18. Qa4 Ndf8 19. dxe5 dxe5 20. Nd5 Qb8
21. Qxc6 Bd7 22. Qc7 f6 23. c5 bxc5 24. bxc5 Be6 25. Rab1 Qd8 26. Rb7 Nd7 27. c6
1-0

[Event "2016 Standard Chess Dropout Tournament, Round 1"]
[Site "SchemingMind.com"]
[Date "2015.11.15"]
[Round "1"]
[White "Archon"]
[Black "Buckaroo Bob"]
[Result "0-1"]
[WhiteCountry "CAN"]
[BlackCountry "USA"]
[WhiteElo "1791"]
[WhiteRD "70"]
[BlackElo "2297"]
[BlackRD "100"]
[GameID "390019"]

1. Nf3 Nf6 2. c4 e6 3. g3 b6 4. Bg2 Bb7 5. O-O c5 6. b3 Be7 7. Bb2 O-O 8. d3 d5 9. e3 Nc6 10. d4 dxc4
11. bxc4 cxd4 12. exd4 Qc7 13. Nbd2 Rfd8 14. Qe2 a6 15. Rac1 Rac8 16. Rfd1 Re8 17. Nf1 Nb8 18. Ne3 Nbd7 19. Qd2 Rcd8 20. Qc2 h6
21. d5 Bc5 22. Bd4 exd5 23. cxd5 Nxd5 24. Nxd5 Bxd5 25. Bxc5 Nxc5 26. Ne1 Be6 27. Nf3 Rxd1+ 28. Rxd1 Qe7 29. Re1 Qf6 30. Qb1 Bd7
31. Qa1 Rxe1+ 32. Qxe1 Qb2 33. Ne5 Be6 34. Nc6 Qxa2
0-1

[Event "2016 Standard Chess Dropout Tournament, Round 1"]
[Site "SchemingMind.com"]
[Date "2015.11.12"]
[Round "1"]
[White "Austin Lockwood"]
[Black "peeuukoo"]
[Result "0-1"]
[WhiteCountry "ENG"]
[BlackCountry "FIN"]
[WhiteElo "1688"]
[WhiteRD "97"]
[BlackElo "1812"]
[BlackRD "106"]
[GameID "390020"]

1. e4 e5 2. Nf3 Nc6 3. Bb5 a6 4. Ba4 Nf6 5. O-O Be7 6. Re1 b5 7. Bb3 O-O 8. a4 Bb7 9. d3 d6 10. axb5 axb5
11. Rxa8 Qxa8 12. Nc3 b4 13. Na4 Ba6 14. c3 Rb8 15. Ng5 Nd8 16. cxb4 Rxb4 17. Bc2 Nc6 18. Bd2 Rb8 19. Bb3 Nd8 20. Qc2 Qb7
21. Bc4 Bxc4 22. dxc4 Nc6 23. Nf3 Nb4 24. Bxb4 Qxb4 25. Nd2 Nd7 26. Ra1 h6 27. f3 Nc5 28. Nxc5 Qxc5+ 29. Kf1 c6 30. g4 Bh4
31. Nb3 Rxb3 32. Ra8+ Kh7 33. Ra3 Rxa3 34. bxa3 Qxa3
0-1

[Event "2016 Standard Chess Dropout Tournament, Round 1"]
[Site "SchemingMind.com"]
[Date "2015.11.15"]
[Round "1"]
[White "bartleby en passant"]
[Black "Dan Geana"]
[Result "0-1"]
[WhiteCountry "IRL"]
[BlackCountry "ROU"]
[WhiteElo "1596"]
[WhiteRD "78"]
[BlackElo "2523"]
[BlackRD "111"]
[GameID "390021"]

1. d4 Nf6 2. c4 e6 3. c5 d5 4. Nc3 b6 5. b4 a5 6. cxb6 Bxb4 7. Bd2 cxb6 8. e3 O-O 9. Bb5 Bxc3 10. Bxc3 Ne4
11. Ne2 Ba6 12. Bxa6 Nxa6 13. O-O Nd6 14. a4 Nc4 15. Qb3 Qg5 16. Qxb6 Nxb6
0-1

[Event "2016 Standard Chess Dropout Tournament, Round 1"]
[Site "SchemingMind.com"]
[Date "2015.11.10"]
[Round "1"]
[White "berns"]
[Black "Oskyrain"]
[Result "0-1"]
[WhiteCountry "ENG"]
[BlackCountry "ARG"]
[WhiteElo "1598"]
[WhiteRD "81"]
[BlackElo "2535"]
[BlackRD "88"]
[GameID "390022"]

1. e4 c5 2. Nf3 d6 3. d4 cxd4 4. Nxd4 Nc6 5. Bb5 Bd7 6. Nc3 Nf6 7. Be3 e5 8. Nxc6 bxc6 9. Ba4 Be7 10. h3 d5
11. exd5 cxd5 12. Bxd7+ Qxd7 13. Bg5 d4 14. Bxf6 gxf6 15. Ne4 f5 16. Nd2 Rg8 17. g3 Rc8 18. a3 Qd5 19. Rg1 Rg6 20. Nb3 Rgc6
21. c3 Rb8 22. Nd2 Rxb2 23. cxd4 Rcc2 24. Rc1 Rxd2 25. Qa4+ Kf8 26. Rd1 Qe4+
0-1

[Event "2016 Standard Chess Dropout Tournament, Round 1"]
[Site "SchemingMind.com"]
[Date "2015.11.11"]
[Round "1"]
[White "Mike Winslow"]
[Black "knightrider"]
[Result "1-0"]
[WhiteCountry "USA"]
[BlackCountry "USA"]
[WhiteElo "1914"]
[WhiteRD "89"]
[BlackElo "1481"]
[BlackRD "74"]
[GameID "390024"]

1. d4 Nf6 2. c4 g6 3. Nc3 Bg7 4. e4 d6 5. f3 O-O 6. Be3 c5 7. d5 b6 8. Nge2 Ba6 9. Ng3 e6 10. Be2 e5
11. Qd2 h5 12. h4 Kh7 13. Bg5 Nbd7 14. O-O-O Bb7 15. f4 Bh6 16. Bxh6 Kxh6 17. fxe5+ Kg7 18. exf6+ Nxf6 19. Qg5 Nh7 20. Nxh5+ Kg8
21. Qxd8 Raxd8 22. Nf4 Bc8 23. h5 g5 24. Nd3 g4 25. Rh4 Nf6 26. e5 Nh7 27. Bxg4 Kh8 28. Bxc8 Rxc8 29. exd6 Rcd8 30. Re1 Rxd6
31. Re7 a5 32. Rf4 f6 33. Nb5 Rdd8 34. d6 Rg8 35. g4 Rde8 36. Nc7 Rd8 37. d7
1-0

[Event "2016 Standard Chess Dropout Tournament, Round 1"]
[Site "SchemingMind.com"]
[Date "2015.11.11"]
[Round "1"]
[White "Brian Pott"]
[Black "felixkronlage"]
[Result "1-0"]
[WhiteCountry "AUS"]
[BlackCountry "GER"]
[WhiteElo "2234"]
[WhiteRD "82"]
[BlackElo "1341"]
[BlackRD "83"]
[GameID "390025"]

1. e4 e5 2. Nf3 Nc6 3. Bc4 d6 4. d4 Nf6 5. d5 Na5 6. Be2 c5 7. a3 Nxe4 8. b4 Be7 9. bxa5 Qxa5+ 10. Nfd2 Bg5
11. O-O b6 12. Nxe4 h6 13. Nxd6+ Kd7 14. Nc4 Qb5 15. Nxe5+ Kd6 16. Bxb5 Kxe5 17. Qf3 Kd6 18. Re1 Bd7 19. Bf4+ Bxf4 20. Qxf4+ Kxd5
21. c4#
1-0

[Event "2016 Standard Chess Dropout Tournament, Round 1"]
[Site "SchemingMind.com"]
[Date "2015.11.11"]
[Round "1"]
[White "Brian_Jones"]
[Black "NYNH"]
[Result "1-0"]
[WhiteCountry "AUS"]
[BlackCountry "USA"]
[WhiteElo "2406"]
[WhiteRD "121"]
[BlackElo "2004"]
[BlackRD "91"]
[GameID "390026"]

1. d4 Nf6 2. c4 c5 3. d5 b5 4. a4 b4 5. Nd2 g6 6. e4 d6 7. f4 Bg7 8. Ngf3 O-O 9. Bd3 e6 10. O-O exd5
11. cxd5 Bg4 12. h3 Bxf3 13. Qxf3 a5 14. Nc4 Qc7 15. e5 Ne8 16. f5 dxe5 17. d6 Nxd6 18. Qxa8 Nxc4 19. Bxc4 Nc6 20. Qa6 Rb8
21. fxg6 Rb6 22. Rxf7 Rxa6 23. Rxc7+ Kf8 24. Bg5
1-0

[Event "2016 Standard Chess Dropout Tournament, Round 1"]
[Site "SchemingMind.com"]
[Date "2015.11.11"]
[Round "1"]
[White "Robert Bruce"]
[Black "Mekk"]
[Result "1-0"]
[WhiteCountry "SCO"]
[BlackCountry "POL"]
[WhiteElo "2207"]
[WhiteRD "66"]
[BlackElo "1865"]
[BlackRD "106"]
[GameID "390027"]

1. f4 d5 2. Nf3 c5 3. e3 Nf6 4. Be2 Nc6 5. O-O Qc7 6. c4 e6 7. Nc3 Be7 8. cxd5 exd5 9. d4 O-O 10. dxc5 Bxc5
11. Nxd5 Nxd5 12. Qxd5 Qb6 13. Kh1 Bxe3 14. Bxe3 Qxe3 15. Bd3 Be6 16. Qe4 Qxe4 17. Bxe4 Rac8 18. Ng5 h6 19. Nxe6 fxe6 20. g3 e5
21. fxe5 Nxe5 22. Bxb7 Rxf1+ 23. Rxf1 Rb8 24. Bd5+ Kh7 25. Re1 Ng4 26. Re2 Nf6 27. Bc4 Kg6 28. Re7 Rxb2 29. Bd3+ Kh5 30. Rxg7 Rxa2
31. Bg6+ Kg5 32. Be4+ Kh5 33. Bf3+ Ng4 34. Bxg4#
1-0

[Event "2016 Standard Chess Dropout Tournament, Round 1"]
[Site "SchemingMind.com"]
[Date "2015.11.15"]
[Round "1"]
[White "Buckaroo Bob"]
[Black "thebirdolux"]
[Result "1/2-1/2"]
[WhiteCountry "USA"]
[BlackCountry "USA"]
[WhiteElo "2289"]
[WhiteRD "99"]
[BlackElo "2462"]
[BlackRD "91"]
[GameID "390028"]

1. d4 Nf6 2. c4 e6 3. Nf3 b6 4. g3 Bb7 5. Bg2 Be7 6. Nc3 O-O 7. Bf4 Bb4 8. Qb3 Bxc3+ 9. Qxc3 d6 10. O-O Nbd7
11. Rfd1 a5 12. Rac1 Re8 13. h3 h6 14. g4 Nf8 15. Bh2 Qc8 16. Qa3 N8d7 17. Bg3 Ne4 18. Bf4 Qb8 19. Be3 Nef6 20. c5 bxc5
21. dxc5 Ra6 22. cxd6 cxd6 23. Qa4 Rf8 24. b3 Qa8 25. Qa3 Nd5 26. Bd2 Nb4 27. Bf1 Bxf3 28. exf3 Ne5 29. Bxb4 Nxf3+ 30. Kh1 Nh4+
31. Kh2 g5 32. Bxd6 Nf3+ 33. Kg3 Nh4 34. Kh2 Nf3+ 35. Kg3 Nh4 36. Kh2 Nf3+=
1/2-1/2

[Event "2016 Standard Chess Dropout Tournament, Round 1"]
[Site "SchemingMind.com"]
[Date "2015.11.15"]
[Round "1"]
[White "buddhastalin"]
[Black "Apatchenlama"]
[Result "0-1"]
[WhiteCountry "USA"]
[BlackCountry "GER"]
[WhiteElo "1712"]
[WhiteRD "73"]
[BlackElo "1943"]
[BlackRD "72"]
[GameID "390029"]

1. e4 e6 2. d4 d5 3. e5 c5 4. c3 Nc6 5. Nf3 Bd7 6. Bd3 cxd4 7. cxd4 Qb6 8. O-O Nxd4 9. Nbd2 Ne7 10. Nxd4 Qxd4
11. Nf3 Qb6 12. Be3 Qd8 13. Ng5 Ng6 14. f4 Be7 15. Nf3 O-O 16. g4 Rc8 17. f5 Nh4 18. f6 gxf6 19. Nxh4 fxe5 20. Ng2 Bc5
21. Bxc5 Rxc5 22. Rc1 Qb6 23. Rxc5 Qxc5+ 24. Kh1 Bb5 25. Bxb5 Qxb5 26. b3 d4 27. Re1 Qd5 28. Kg1 Rc8 29. Qd2 e4 30. Nf4 e3
31. Qe2 Qe4 32. Nh5 Qg6 33. Nf4 Qc2 34. Nd3 Qxe2 35. Rxe2 Rc3 36. Nf4 d3
0-1

[Event "2016 Standard Chess Dropout Tournament, Round 1"]
[Site "SchemingMind.com"]
[Date "2015.11.11"]
[Round "1"]
[White "calisege2008"]
[Black "Diadoco"]
[Result "0-1"]
[WhiteCountry "FRA"]
[BlackCountry "MEX"]
[WhiteElo "1259"]
[WhiteRD "91"]
[BlackElo "1994"]
[BlackRD "99"]
[GameID "390030"]

1. e4 c5 2. b3 Nc6 3. Bb2 Nf6 4. Qf3 e5 5. Bc4 Be7 6. Nh3 d6 7. d3 O-O 8. Ng5 h6 9. Nh3 Bg4 10. Qe3 Nd4
11. Qd2 b5 12. Bxd4 bxc4 13. Be3 cxd3 14. cxd3 Kh7 15. f4 Bxh3 16. gxh3 Nh5 17. Rg1 Bh4+ 18. Ke2 Nxf4+ 19. Bxf4 exf4 20. Qxf4 Bf6
21. Nd2 Bxa1 22. Rxa1 Qe7 23. Rg1 f5 24. Kf3 fxe4+
0-1

[Event "2016 Standard Chess Dropout Tournament, Round 1"]
[Site "SchemingMind.com"]
[Date "2015.11.10"]
[Round "1"]
[White "CapuzziG"]
[Black "Selwyn"]
[Result "0-1"]
[WhiteCountry "ITA"]
[BlackCountry "AUS"]
[WhiteElo "1829"]
[WhiteRD "79"]
[BlackElo "2511"]
[BlackRD "92"]
[GameID "390031"]

1. d4 Nf6 2. Bg5 Ne4 3. Bf4 c5 4. f3 Qa5+ 5. c3 Nf6 6. d5 Qb6 7. b3 e6 8. c4 exd5 9. cxd5 c4 10. bxc4 Bc5
11. e3 Nh5 12. Qb3 Nxf4 13. Qc2 Bxe3 14. Qe4+ Kd8
0-1

[Event "2016 Standard Chess Dropout Tournament, Round 1"]
[Site "SchemingMind.com"]
[Date "2015.11.10"]
[Round "1"]
[White "chesshub"]
[Black "Abacist"]
[Result "1-0"]
[WhiteCountry "FRA"]
[BlackCountry "USA"]
[WhiteElo "2538"]
[WhiteRD "80"]
[BlackElo "1523"]
[BlackRD "214"]
[GameID "390032"]

1. e4 e5 2. Nf3 Nc6 3. Bb5 a6 4. Ba4 b5 5. Bb3 Bc5 6. O-O Nf6 7. c3 d6 8. d4 Bb6 9. a4 Rb8 10. axb5 axb5
11. Na3 O-O 12. Nxb5 Bg4 13. Bc2 Bxf3 14. gxf3 Nh5 15. f4 Nxf4 16. Bxf4 exf4 17. Qg4 Qf6 18. b4 Ne7 19. Na3
1-0

[Event "2016 Standard Chess Dropout Tournament, Round 1"]
[Site "SchemingMind.com"]
[Date "2015.11.11"]
[Round "1"]
[White "clare1347"]
[Black "mmccaffe"]
[Result "1-0"]
[WhiteCountry "ENG"]
[BlackCountry "USA"]
[WhiteElo "2281"]
[WhiteRD "83"]
[BlackElo "1642"]
[BlackRD "71"]
[GameID "390033"]

1. d4 d5 2. c4 e6 3. Nc3 Nf6 4. cxd5 exd5 5. Bg5 Be7 6. e3 c6 7. Qc2 h6 8. Bh4 Nbd7 9. Bd3 Nf8 10. Nge2 Ne6
11. O-O O-O 12. f3 Nd7 13. Bxe7 Qxe7 14. e4 Nf6 15. e5 Nd7 16. f4 b6 17. f5 Nc7 18. Rf3 Bb7 19. Raf1 Nxe5 20. dxe5 Qxe5
21. f6 g5 22. Bh7+ Kh8 23. Rh3 d4 24. Rxh6
1-0

[Event "2016 Standard Chess Dropout Tournament, Round 1"]
[Site "SchemingMind.com"]
[Date "2015.11.11"]
[Round "1"]
[White "cnile"]
[Black "calisege2008"]
[Result "1-0"]
[WhiteCountry "SCO"]
[BlackCountry "FRA"]
[WhiteElo "1504"]
[WhiteRD "60"]
[BlackElo "1259"]
[BlackRD "91"]
[GameID "390034"]

1. e4 Nc6 2. Nf3 e5 3. Bb5 Bd6 4. c3 Bc5 5. d4 Bb6 6. O-O Nf6 7. Re1 Qe7 8. Nbd2 d6 9. h3 Bd7 10. Nf1 h6
11. Ng3 g5 12. Be3 g4 13. hxg4 Bxg4 14. Be2 Kd7 15. b4 Rag8 16. a4 h5 17. a5 Bxf3 18. Bxf3 h4 19. Nf5 Qe6 20. d5 h3
21. axb6 h2+ 22. Kh1 Nh5 23. bxa7 Qg6 24. dxc6+ bxc6 25. c4 Nf6 26. Qa4 Nh7 27. b5 Ng5 28. bxc6+ Ke6 29. Bg4 Rh4 30. Nxh4+ Ke7
31. Nf5+ Kf6 32. a8=Q Nxe4 33. Qxg8 Qxg8 34. Qa8 Qxg4 35. Nh6 Qg7 36. Qd8+ Ke6 37. Qd7+ Kf6 38. Qf5+ Ke7 39. Qxe4
1-0

[Event "2016 Standard Chess Dropout Tournament, Round 1"]
[Site "SchemingMind.com"]
[Date "2015.11.11"]
[Round "1"]
[White "Andrea Carra"]
[Black "Black Five"]
[Result "1-0"]
[WhiteCountry "ITA"]
[BlackCountry "WLS"]
[WhiteElo "2021"]
[WhiteRD "121"]
[BlackElo "1877"]
[BlackRD "117"]
[GameID "390035"]

1. d4 d5 2. Nf3 Nf6 3. c4 c6 4. Nc3 dxc4 5. a4 c5 6. e3 cxd4 7. Bxc4 e6 8. exd4 Bb4 9. O-O Qc7 10. Qb3 Bxc3
11. bxc3 O-O 12. Bd3 b6 13. Bg5 Nbd7 14. Rfe1 Bb7 15. Ne5 Bd5 16. c4 Bb7 17. Nxd7 Nxd7 18. Qc2 g6 19. Bh6 Rfe8 20. Re2
1-0

[Event "2016 Standard Chess Dropout Tournament, Round 1"]
[Site "SchemingMind.com"]
[Date "2015.11.15"]
[Round "1"]
[White "D O Vaughan"]
[Black "emvarela"]
[Result "1-0"]
[WhiteCountry "WLS"]
[BlackCountry "ARG"]
[WhiteElo "2117"]
[WhiteRD "121"]
[BlackElo "1684"]
[BlackRD "47"]
[GameID "390036"]

1. e4 e5 2. Nf3 Nc6 3. Bc4 Bc5 4. b4 Bb6 5. a4 a6 6. Nc3 Nf6 7. Nd5 d6 8. Nxb6 cxb6 9. d3 Bg4 10. c3 h6
11. Qb3 Qe7 12. Be3 Bxf3 13. gxf3 Nd7 14. h4 f6 15. h5 Rf8 16. Be6 Nd8 17. Bf5 Nc6 18. Ke2 a5 19. Rhg1 O-O-O 20. b5 Nb8
21. Bxb6 Rde8 22. Qc4+
1-0

[Event "2016 Standard Chess Dropout Tournament, Round 1"]
[Site "SchemingMind.com"]
[Date "2015.11.15"]
[Round "1"]
[White "dhoustonsmith"]
[Black "Sebastian Strauchler"]
[Result "0-1"]
[WhiteCountry "USA"]
[BlackCountry "ARG"]
[WhiteElo "1644"]
[WhiteRD "112"]
[BlackElo "2255"]
[BlackRD "110"]
[GameID "390037"]

1. d4 Nf6 2. Bf4 d5 3. e3 g6 4. Nf3 Bg7 5. h3 c5 6. Be2 Nc6 7. c3 Qb6 8. Qb3 Qxb3 9. axb3 cxd4 10. exd4 a6
11. Nbd2 O-O 12. O-O Bf5 13. g4 Be4 14. Nxe4 Nxe4 15. Kg2 Rac8 16. b4 f5 17. g5 Nd8 18. Ne5 Ne6 19. Bh2 N6xg5 20. f3 Nf6
21. Nd3 Ne6 22. Rfe1 Nh5 23. Bd1 Kf7 24. Ne5+ Bxe5 25. Bxe5 Nef4+ 26. Bxf4 Nxf4+ 27. Kg3 g5 28. h4 h6 29. Ba4 Rc7 30. hxg5 hxg5
31. Rh1 Kg7 32. Rh2 Rh8 33. Rxh8 Kxh8 34. b5 axb5 35. Bxb5 Kg7 36. Ra8 e6 37. Re8 Rf7 38. Kf2 Kf6 39. Rh8 Ng6 40. Rh6 Re7
41. Ke3 b6 42. Ba4 Kg7 43. Rh5 Kf6 44. Rh6= Rg7 45. Be8 Rg8
0-1

[Event "2016 Standard Chess Dropout Tournament, Round 1"]
[Site "SchemingMind.com"]
[Date "2015.11.11"]
[Round "1"]
[White "Diadoco"]
[Black "johanrientsop"]
[Result "1-0"]
[WhiteCountry "MEX"]
[BlackCountry "NED"]
[WhiteElo "1994"]
[WhiteRD "99"]
[BlackElo "1906"]
[BlackRD "95"]
[GameID "390038"]

1. e4 c5 2. Nf3 d6 3. d4 cxd4 4. Nxd4 Nf6 5. Nc3 a6 6. Be3 e6 7. g4 h6 8. Bg2 Nc6 9. h3 Be7 10. f4 Nxd4
11. Qxd4 e5 12. Qd2 Be6 13. f5 Bc4 14. O-O-O Qc7 15. Bf1 Rc8 16. Bxc4 Qxc4 17. Qd3 Qc6 18. Rhe1 b5 19. Rd2 O-O 20. g5 hxg5
21. Bxg5 Rfe8 22. Bxf6 Bxf6 23. Rg2 Kf8 24. Nd5 Qc4 25. Qxc4 Rxc4 26. Rg4 a5 27. h4 Rec8 28. Re2 Bd8 29. h5 R8c5 30. Reg2 Rxe4
31. Rxe4 Rxd5 32. Reg4 Bf6 33. Rd2 Rxd2 34. Kxd2 Ke7 35. c3 d5 36. a4 bxa4 37. Rxa4 Bg5+ 38. Kd1 Kf6 39. Rxa5 Kxf5 40. Rxd5 Ke6
41. c4 Be7 42. Ke2 f5 43. Rb5 f4 44. Kf3 Kf5 45. Rd5
1-0

[Event "2016 Standard Chess Dropout Tournament, Round 1"]
[Site "SchemingMind.com"]
[Date "2015.11.10"]
[Round "1"]
[White "Dom P"]
[Black "maro"]
[Result "1-0"]
[WhiteCountry "ENG"]
[BlackCountry "MEX"]
[WhiteElo "1463"]
[WhiteRD "91"]
[BlackElo "1333"]
[BlackRD "55"]
[GameID "390039"]

1. e4 e5 2. Nf3 Bc5 3. Nxe5 Nf6 4. d4 Bd6 5. Bc4 Bxe5 6. dxe5 Nxe4 7. Qf3 Ng5 8. Bxg5 Qxg5 9. Qxf7+ Kd8 10. O-O Nc6
11. e6 dxe6 12. Bxe6 Bxe6 13. Rd1+ Bd5 14. Rxd5+ Qxd5 15. Qxd5+ Ke7 16. Nc3 Rad8 17. Qe4+ Kf7 18. Qf4+ Kg8 19. Qxc7 h6 20. Qxb7 Nd4
21. Re1 Nxc2 22. Qb3+
1-0

[Event "2016 Standard Chess Dropout Tournament, Round 1"]
[Site "SchemingMind.com"]
[Date "2015.11.11"]
[Round "1"]
[White "David Perna-Fraser"]
[Black "FransEvers"]
[Result "1-0"]
[WhiteCountry "CAN"]
[BlackCountry "NED"]
[WhiteElo "2323"]
[WhiteRD "65"]
[BlackElo "1913"]
[BlackRD "118"]
[GameID "390040"]

1. e4 c5 2. Nf3 d6 3. d4 cxd4 4. Nxd4 Nf6 5. Nc3 a6 6. f3 e6 7. Be3 b5 8. a3 Nbd7 9. g4 Nb6 10. g5 Nfd7
11. h4 Qc7 12. Qd2 Ne5 13. O-O-O Nec4 14. Qe1 Bb7 15. h5 Rc8 16. Bd2 Nxd2 17. Qxd2 Nc4 18. Bxc4 Qxc4 19. Rhg1 Be7 20. Kb1 d5
21. exd5 Bxd5 22. Nf5 exf5 23. Nxd5
1-0

[Event "2016 Standard Chess Dropout Tournament, Round 1"]
[Site "SchemingMind.com"]
[Date "2015.11.12"]
[Round "1"]
[White "echecs"]
[Black "Simon Green"]
[Result "1-0"]
[WhiteCountry "ENG"]
[BlackCountry "ENG"]
[WhiteElo "1903"]
[WhiteRD "67"]
[BlackElo "1590"]
[BlackRD "60"]
[GameID "390041"]

1. e4 e6 2. d4 d5 3. e5 c5 4. c3 c4 5. b3 b5 6. a4 Bd7 7. axb5 Bxb5 8. bxc4 Bxc4 9. Bxc4 dxc4 10. Qa4+ Nd7
11. Qxc4 Nb6 12. Qb3 Qc7 13. Ne2 Ne7 14. Ba3 Ned5 15. Bxf8 Rxf8 16. O-O Kd7 17. Na3 Rfc8 18. Rfc1 Nc4 19. Nb5 Qb6 20. Rab1 Nd2
21. Qa4 Nxb1 22. Rxb1 a6 23. Na7+
1-0

[Event "2016 Standard Chess Dropout Tournament, Round 1"]
[Site "SchemingMind.com"]
[Date "2015.11.12"]
[Round "1"]
[White "edg"]
[Black "Austin Lockwood"]
[Result "1-0"]
[WhiteCountry "USA"]
[BlackCountry "ENG"]
[WhiteElo "1653"]
[WhiteRD "62"]
[BlackElo "1673"]
[BlackRD "98"]
[GameID "390042"]

1. d4 Nf6 2. c4 g6 3. Nc3 Bg7 4. e4 d6 5. Be2 O-O 6. Be3 c5 7. d5 b6 8. h3 e6 9. Nf3 exd5 10. cxd5 Qe7
11. Nd2 Ba6 12. Bxa6 Nxa6 13. a3 Rfe8 14. Qa4 Nc7 15. f3 Nfxd5 16. Nxd5 Qh4+ 17. Bf2 Qd8 18. Nxc7 Qxc7 19. Rb1 d5 20. O-O Qf4
21. Rfd1 d4 22. g3 Qd6 23. Nc4 Qe6 24. Kg2 f5 25. Re1 Red8 26. exf5 Qxf5 27. Qb3 Qf7 28. Nd2 Qxb3 29. Nxb3 c4 30. Nd2 Rdc8
31. Re4 c3 32. bxc3 dxc3 33. Nb3 c2 34. Rf1 Re8 35. Nd4 Rxe4 36. fxe4 Bxd4 37. Bxd4 Rc8 38. Bb2 b5 39. Rc1 a5 40. Kf2 b4
41. axb4 axb4 42. Ke2 b3 43. Kd2 Rb8 44. Rf1 Rd8+ 45. Ke2 Ra8 46. Kd3 Rd8+ 47. Kc3 Re8 48. Kd3 Rd8+ 49. Ke2 Re8 50. e5 h5
51. Kd2 Rd8+ 52. Kc1 Rd3 53. Re1 Rd1+ 54. Rxd1
1-0